[Event "VIII Iberoamericano Mexico 2022"]
[Site "Mexico City"]
[Date "2022.02.16"]
[Round "5.26"]
[White "Flores Guerrero, Jesus Aldair"]
[Black "Ramirez Toledo, Ayleen Maribel"]
[Result "0-1"]
[WhiteElo "2251"]
[BlackElo "1810"]
[Annotator "ChessBase"]
[PlyCount "86"]
[EventDate "2022.02.12"]
[EventType "swiss"]
[EventCountry "MEX"]
[SourceTitle "playchess.com"]
[Source "ChessBase"]
[SourceQuality "1"]
[TimeControl "5400+30"]

1. f4 {[%emt 0:10:31]} Nf6 {[%emt 0:00:09]} 2. Nf3 {[%emt 0:00:08]} g6 {[%emt 0:00:06]} 3. b3 {[%emt 0:00:03]} Bg7 {[%emt 0:00:06]} 4. Bb2 {[%emt 0:00:04]} O-O {[%emt 0:00:09]} 5. g3 {[%emt 0:03:47]} d6 {[%emt 0:00:11]} 6. Qc1 {[%emt 0:00:30]} c5 {[%emt 0:00:52]} 7. Bg2 {[%emt 0:00:09]} Nc6 {[%emt 0:00:06]} 8. O-O {[%emt 0:00:12]} Bd7 {[%emt 0:02:59]} 9. d3 {[%emt 0:02:40]} Qc7 {[%emt 0:02:56]} 10. e4 {[%emt 0:00:42]} Rab8 {[%emt 0:10:24]} 11. h3 {[%emt 0:01:31]} e5 {[%emt 0:08:54]} 12. fxe5 {[%emt 0:03:10]} dxe5 {[%emt 0:00:18]} 13. g4 {[%emt 0:02:31]} Nd4 {[%emt 0:01:53]} 14. Re1 {[%emt 0:02:46]} b5 {[%emt 0:32:30]} 15. Nbd2 {[%emt 0:03:00]} Ne8 {[%emt 0:02:51]} 16. c3 {[%emt 0:01:39]} Ne6 {[%emt 0:01:04]} 17. Nf1 {[%emt 0:00:55]} Nf4 {[%emt 0:01:02]} 18. Qe3 {[%emt 0:00:16]} Qc8 {[%emt 0:06:25]} 19. d4 {[%emt 0:07:25]} cxd4 {[%emt 0:06:08]} 20. cxd4 {[%emt 0:00:28]} Qc2 {[%emt 0:08:14]} 21. Qd2 {[%emt 0:00:20]} Qxd2 {[%emt 0:01:33]} 22. N1xd2 {[%emt 0:00:12]} Nd3 {[%emt 0:00:18]} 23. Re3 {[%emt 0:26:12]} Nxb2 {[%emt 0:00:54]} 24. dxe5 {[%emt 0:01:29]} Rc8 {[%emt 0:05:55]} 25. Rb1 {[%emt 0:01:29]} Rc2 {[%emt 0:00:05]} 26. Kf2 {[%emt 0:02:50]} Nc7 {[%emt 0:03:00]} 27. Kg3 {[%emt 0:02:32]} Ne6 {[%emt 0:01:34]} 28. Nf1 {[%emt 0:00:07]} a5 {[%emt 0:03:09]} 29. Ne1 {[%emt 0:00:25]} Bxe5+ {[%emt 0:00:04]} 30. Kh4 {[%emt 0:01:52]} Rc3 {[%emt 0:00:47]} 31. Nf3 {[%emt 0:01:35]} Rxe3 {[%emt 0:00:45]} 32. Nxe3 {[%emt 0:00:08]} Bf6+ {[%emt 0:00:17]} 33. g5 {[%emt 0:01:52]} Nxg5 {[%emt 0:00:21]} 34. Nxg5 {[%emt 0:00:25]} h6 {[%emt 0:00:04]} 35. Kg3 {[%emt 0:01:00]} Bxg5 {[%emt 0:00:22]} 36. Nc2 {[%emt 0:04:35]} Nd3 {[%emt 0:00:22]} 37. Rd1 {[%emt 0:00:53]} Ne5 {[%emt 0:00:12]} 38. Rd5 {[%emt 0:00:14]} Rc8 {[%emt 0:01:45]} 39. Nd4 {[%emt 0:01:10]} Rc3+ {[%emt 0:00:07]} 40. Kh2 {[%emt 0:00:22]} Bf4+ {[%emt 0:00:32]} 41. Kg1 {[%emt 0:00:06]} Be3+ {[%emt 0:00:38]} 42. Kh2 {[%emt 0:00:43]} Bxd4 {[%emt 0:00:11]} 43. Rxd4 {[%emt 0:00:05]} Rd3 {[%emt 0:01:48]} 0-1

[Event "VIII Iberoamericano Mexico 2022"]
[Site "Mexico City"]
[Date "2022.02.16"]
[Round "5.27"]
[White "Fernandez Rivero, Karla July"]
[Black "Martin Del Campo Cardenas, Roberto Abel"]
[Result "0-1"]
[WhiteElo "2025"]
[BlackElo "2250"]
[Annotator "ChessBase"]
[PlyCount "99"]
[EventDate "2022.02.12"]
[EventType "swiss"]
[EventCountry "MEX"]
[SourceTitle "playchess.com"]
[Source "ChessBase"]
[SourceQuality "1"]
[TimeControl "5400+30"]

1. d4 {[%emt 0:00:09]} Nf6 {[%emt 0:00:12]} 2. c4 {[%emt 0:00:14]} d6 {[%emt 0:00:07]} 3. Nf3 {[%emt 0:00:56]} g6 {[%emt 0:00:18]} 4. Nc3 {[%emt 0:00:24]} Bg7 {[%emt 0:00:04]} 5. e4 {[%emt 0:00:12]} O-O {[%emt 0:00:12]} 6. Be2 {[%emt 0:02:10]} Bg4 {[%emt 0:00:14]} 7. Bg5 {[%emt 0:00:32]} Nfd7 {[%emt 0:01:28]} 8. Qd2 {[%emt 0:01:32]} Nc6 {[%emt 0:01:35]} 9. Be3 {[%emt 0:03:53]} Bxf3 {[%emt 0:01:40]} 10. Bxf3 {[%emt 0:01:20]} e5 {[%emt 0:00:31]} 11. d5 {[%emt 0:00:20]} Nd4 {[%emt 0:00:24]} 12. Be2 {[%emt 0:03:08]} c5 {[%emt 0:00:28]} 13. dxc6 {[%emt 0:02:07]} bxc6 {[%emt 0:00:05]} 14. O-O {[%emt 0:02:57]} Rb8 {[%emt 0:00:22]} 15. Rab1 {[%emt 0:02:09]} a5 {[%emt 0:00:36]} 16. Bd1 {[%emt 0:12:57]} Nb6 {[%emt 0:15:29]} 17. Be2 {[%emt 0:04:59]} Qe7 {[%emt 0:14:16]} 18. b3 {[%emt 0:09:50]} Rfd8 {[%emt 0:07:57]} 19. Kh1 {[%emt 0:08:18]} Ra8 {[%emt 0:04:21]} 20. f4 {[%emt 0:07:34]} Nd7 {[%emt 0:07:01]} 21. f5 {[%emt 0:04:36]} gxf5 {[%emt 0:00:40]} 22. exf5 {[%emt 0:00:14]} Nc5 {[%emt 0:00:19]} 23. Rbe1 {[%emt 0:01:58]} d5 {[%emt 0:10:57]} 24. cxd5 {[%emt 0:14:08]} cxd5 {[%emt 0:00:12]} 25. Bxd4 {[%emt 0:00:13]} exd4 {[%emt 0:00:05]} 26. Nb5 {[%emt 0:00:16]} Ne4 {[%emt 0:02:03]} 27. Qd3 {[%emt 0:01:42]} Qe5 {[%emt 0:00:43]} 28. a4 {[%emt 0:04:20]} Rac8 {[%emt 0:07:24]} 29. Rd1 {[%emt 0:02:33]} Rc6 {[%emt 0:11:57]} 30. f6 {[%emt 0:02:12]} Rxf6 {[%emt 0:00:20]} 31. Rxf6 {[%emt 0:00:33]} Qxf6 {[%emt 0:00:45]} 32. Qxd4 {[%emt 0:04:52]} Qxd4 {[%emt 0:03:21]} 33. Rxd4 {[%emt 0:00:22]} Bxd4 {[%emt 0:03:05]} 34. Nxd4 {[%emt 0:00:05]} Rc8 {[%emt 0:00:14]} 35. g3 {[%emt 0:00:31]} Rc3 {[%emt 0:00:58]} 36. Bb5 {[%emt 0:02:38]} Nc5 {[%emt 0:01:25]} 37. Nc6 {[%emt 0:00:15]} Rxb3 {[%emt 0:02:37]} 38. Ne7+ {[%emt 0:00:17]} Kg7 {[%emt 0:00:21]} 39. Nxd5 {[%emt 0:00:05]} Ra3 {[%emt 0:00:04]} 40. Nb6 {[%emt 0:00:35]} Ra2 {[%emt 0:00:22]} 41. Kg1 {[%emt 0:01:25]} Kf6 {[%emt 0:00:19]} 42. h3 {[%emt 0:00:58]} Ke5 {[%emt 0:00:21]} 43. Nc4+ {[%emt 0:00:16]} Ke4 {[%emt 0:01:17]} 44. Nxa5 {[%emt 0:00:27]} Kf3 {[%emt 0:00:37]} 45. Nc4 {[%emt 0:01:04]} Kxg3 {[%emt 0:00:15]} 46. Kf1 {[%emt 0:00:28]} Nxa4 {[%emt 0:00:13]} 47. Bd7 {[%emt 0:00:19]} Nc3 {[%emt 0:01:20]} 48. Ke1 {[%emt 0:00:46]} f5 {[%emt 0:00:24]} 49. Bxf5 {[%emt 0:00:32]} Ra1+ {[%emt 0:05:02]} 50. Kd2 {[%emt 0:01:09]} 0-1

[Event "VIII Iberoamericano Mexico 2022"]
[Site "Mexico City"]
[Date "2022.02.16"]
[Round "5.28"]
[White "Jorajuria Mendoza, Algol"]
[Black "Tapie Amione, Pablo Adib"]
[Result "1/2-1/2"]
[WhiteElo "2006"]
[BlackElo "2241"]
[Annotator "ChessBase"]
[PlyCount "86"]
[EventDate "2022.02.12"]
[EventType "swiss"]
[EventCountry "MEX"]
[SourceTitle "playchess.com"]
[Source "ChessBase"]
[SourceQuality "1"]
[TimeControl "5400+30"]

1. e4 {[%emt 0:00:06]} c6 {[%emt 0:10:54]} 2. d4 {[%emt 0:00:25]} d5 {[%emt 0:00:20]} 3. e5 {[%emt 0:00:07]} Bf5 {[%emt 0:00:07]} 4. h4 {[%emt 0:00:24]} Qc8 {[%emt 0:01:39]} 5. Bd3 {[%emt 0:02:55]} Bxd3 {[%emt 0:00:28]} 6. Qxd3 {[%emt 0:00:12]} e6 {[%emt 0:01:22]} 7. c3 {[%emt 0:11:48]} b6 {[%emt 0:03:34]} 8. Nf3 {[%emt 0:05:22]} Qa6 {[%emt 0:00:38]} 9. Ke2 {[%emt 0:04:28]} Ne7 {[%emt 0:08:05]} 10. h5 {[%emt 0:01:17]} h6 {[%emt 0:01:25]} 11. Be3 {[%emt 0:04:18]} Nf5 {[%emt 0:02:26]} 12. Nbd2 {[%emt 0:04:47]} c5 {[%emt 0:01:04]} 13. Qxa6 {[%emt 0:05:21]} Nxa6 {[%emt 0:00:02]} 14. Bf4 {[%emt 0:01:54]} Ne7 {[%emt 0:01:35]} 15. g4 {[%emt 0:03:52]} Rc8 {[%emt 0:12:01]} 16. b3 {[%emt 0:04:25]} Nc6 {[%emt 0:01:14]} 17. a3 {[%emt 0:01:31]} Nc7 {[%emt 0:08:29]} 18. Rhc1 {[%emt 0:15:28]} cxd4 {[%emt 0:03:09]} 19. Nxd4 {[%emt 0:01:37]} Nxd4+ {[%emt 0:00:03]} 20. cxd4 {[%emt 0:00:07]} Kd7 {[%emt 0:00:05]} 21. b4 {[%emt 0:02:34]} Be7 {[%emt 0:00:28]} 22. Kd3 {[%emt 0:01:29]} Nb5 {[%emt 0:02:43]} 23. a4 {[%emt 0:02:40]} Rxc1 {[%emt 0:00:04]} 24. Rxc1 {[%emt 0:00:04]} Na3 {[%emt 0:00:04]} 25. b5 {[%emt 0:00:58]} Bb4 {[%emt 0:00:17]} 26. Nf1 {[%emt 0:05:57]} Nc4 {[%emt 0:01:40]} 27. Rc2 {[%emt 0:03:08]} a6 {[%emt 0:04:43]} 28. Ne3 {[%emt 0:04:32]} axb5 {[%emt 0:00:22]} 29. axb5 {[%emt 0:00:31]} Na3 {[%emt 0:03:56]} 30. Rb2 {[%emt 0:01:00]} Be7 {[%emt 0:01:03]} 31. Nc2 {[%emt 0:00:24]} Nxc2 {[%emt 0:05:11]} 32. Rxc2 {[%emt 0:00:06]} Ra8 {[%emt 0:00:02]} 33. Bd2 {[%emt 0:00:28]} Ra3+ {[%emt 0:00:10]} 34. Rc3 {[%emt 0:00:12]} Ra5 {[%emt 0:01:28]} 35. Rb3 {[%emt 0:00:06]} Ra1 {[%emt 0:00:03]} 36. f3 {[%emt 0:03:48]} Ra4 {[%emt 0:02:43]} 37. Rb1 {[%emt 0:01:09]} Ra3+ {[%emt 0:01:29]} 38. Bc3 {[%emt 0:00:15]} Bd8 {[%emt 0:00:30]} 39. Kc2 {[%emt 0:00:45]} Ra2+ {[%emt 0:00:11]} 40. Rb2 {[%emt 0:00:10]} Ra1 {[%emt 0:00:08]} 41. Rb1 {[%emt 0:00:05]} Ra2+ {[%emt 0:00:13]} 42. Rb2 {[%emt 0:00:04]} Ra1 {[%emt 0:01:51]} 43. Rb1 {[%emt 0:00:09]} Ra2+ {[%emt 0:00:13]} 1/2-1/2

[Event "VIII Iberoamericano Mexico 2022"]
[Site "Mexico City"]
[Date "2022.02.16"]
[Round "5.29"]
[White "Cortes Rodriguez, Marco"]
[Black "Chinchilla Miranda, Eugenio"]
[Result "0-1"]
[WhiteElo "2001"]
[BlackElo "2193"]
[Annotator "NA"]
[PlyCount "124"]
[EventDate "2022.02.12"]
[EventType "swiss"]
[EventCountry "MEX"]
[SourceTitle "playchess.com"]
[Source "ChessBase"]
[SourceQuality "1"]
[TimeControl "5400+30"]

1. Nf3 {[%emt 0:07:45]} d5 {[%emt 0:00:15]} 2. c4 {[%emt 0:00:02]} d4 {[%emt 0:00:10]} 3. g3 {[%emt 0:00:13]} Nc6 {[%emt 0:00:09]} 4. Bg2 {[%emt 0:00:04]} e5 {[%emt 0:00:12]} 5. d3 {[%emt 0:00:03]} Bb4+ {[%emt 0:00:25]} 6. Nbd2 {[%emt 0:00:38]} a5 {[%emt 0:00:11]} 7. O-O {[%emt 0:00:06]} Nf6 {[%emt 0:02:08]} 8. a3 {[%emt 0:00:23]} Bc5 {[%emt 0:03:28]} 9. Nb3 {[%emt 0:00:48]} Bd6 {[%emt 0:01:11]} 10. Rb1 {[%emt 0:01:09]} O-O {[%emt 0:01:01]} 11. Bg5 {[%emt 0:08:20]} h6 {[%emt 0:04:27]} 12. Bc1 {[%emt 0:05:32]} Re8 {[%emt 0:07:50]} 13. Nfd2 {[%emt 0:07:19]} Bf5 {[%emt 0:05:12]} 14. Ne4 {[%emt 0:00:07]} Nxe4 {[%emt 0:01:21]} 15. dxe4 {[%emt 0:00:28]} Be6 {[%emt 0:01:32]} 16. Qd3 {[%emt 0:00:56]} a4 {[%emt 0:02:40]} 17. Nd2 {[%emt 0:00:02]} Na5 {[%emt 0:00:27]} 18. Rd1 {[%emt 0:04:13]} Bc5 {[%emt 0:06:46]} 19. f4 {[%emt 0:01:53]} f6 {[%emt 0:00:31]} 20. f5 {[%emt 0:00:41]} Bf7 {[%emt 0:00:15]} 21. g4 {[%emt 0:00:29]} Qd6 {[%emt 0:01:51]} 22. h4 {[%emt 0:03:47]} Qa6 {[%emt 0:01:06]} 23. g5 {[%emt 0:00:24]} fxg5 {[%emt 0:01:11]} 24. hxg5 {[%emt 0:00:02]} hxg5 {[%emt 0:00:21]} 25. Qg3 {[%emt 0:00:49]} d3+ $19 {[%emt 0:02:53]} ({Worse is} 25... Nxc4 26. Nxc4 Bxc4 27. Bxg5 $17) 26. e3 {[%emt 0:01:17]} Nxc4 {[%emt 0:00:43]} 27. Nxc4 {[%emt 0:00:54]} Bxc4 {[%emt 0:00:23]} 28. Qxg5 {[%emt 0:00:18]} Qh6 {[%emt 0:02:27]} 29. Qxh6 {[%emt 0:00:40]} gxh6 {[%emt 0:00:01]} 30. Bd2 {[%emt 0:00:26]} Kf7 {[%emt 0:01:51]} 31. Kf2 {[%emt 0:00:02]} Be7 {[%emt 0:05:21]} 32. Rh1 {[%emt 0:00:37]} Bg5 {[%emt 0:00:31]} 33. Bf3 {[%emt 0:00:08]} Kf6 {[%emt 0:00:30]} 34. Rbc1 {[%emt 0:01:32]} b5 {[%emt 0:01:34]} 35. Rc3 {[%emt 0:05:13]} Rg8 {[%emt 0:06:14]} 36. Bh5 {[%emt 0:01:04]} c5 {[%emt 0:01:14]} 37. Rcc1 {[%emt 0:04:10]} Ke7 {[%emt 0:01:39]} 38. Kf3 {[%emt 0:01:11]} Rac8 {[%emt 0:02:28]} 39. Rh2 {[%emt 0:00:52]} Rc6 {[%emt 0:00:49]} 40. Bc3 {[%emt 0:00:49]} Kf6 {[%emt 0:01:09]} 41. Bg4 {[%emt 0:03:25]} Bb3 {[%emt 0:02:57]} 42. Rch1 {[%emt 0:00:35]} Rh8 {[%emt 0:01:34]} 43. Rh5 {[%emt 0:01:15]} Rcc8 {[%emt 0:00:23]} 44. Kf2 {[%emt 0:05:41]} Rb8 {[%emt 0:01:49]} 45. Rc1 {[%emt 0:01:17]} b4 {[%emt 0:04:05]} 46. Bd2 {[%emt 0:00:53]} Bc2 {[%emt 0:01:18]} 47. Rhh1 {[%emt 0:01:58]} bxa3 {[%emt 0:07:13]} 48. bxa3 {[%emt 0:00:02]} Rb2 {[%emt 0:01:20]} 49. Ra1 {[%emt 0:01:36]} Bb3 {[%emt 0:03:30]} 50. Ke1 {[%emt 0:00:09]} Rd8 {[%emt 0:00:47]} 51. Bd1 {[%emt 0:01:10]} Bxd1 {[%emt 0:03:07]} 52. Kxd1 {[%emt 0:00:02]} Rdb8 {[%emt 0:01:44]} 53. Rc1 {[%emt 0:02:25]} R8b5 {[%emt 0:00:23]} 54. Rc4 {[%emt 0:00:25]} Rb1+ {[%emt 0:00:15]} 55. Rc1 {[%emt 0:00:01]} c4 {[%emt 0:01:31]} 56. Bb4 {[%emt 0:02:34]} Rxc1+ {[%emt 0:03:38]} 57. Kxc1 {[%emt 0:00:01]} Bxe3+ {[%emt 0:00:03]} 58. Kb2 {[%emt 0:00:01]} Bd4+ {[%emt 0:00:23]} 59. Kc1 {[%emt 0:00:01]} c3 {[%emt 0:01:35]} 60. Rxh6+ {[%emt 0:00:38]} Kg5 {[%emt 0:00:37]} 61. Rh3 {[%emt 0:00:11]} Rxb4 {[%emt 0:01:56]} 62. axb4 {[%emt 0:00:09]} a3 {[%emt 0:00:14]} 0-1

[Event "VIII Iberoamericano Mexico 2022"]
[Site "Mexico City"]
[Date "2022.02.16"]
[Round "5.30"]
[White "Encinas Varela, David"]
[Black "Hernandez Jimenez, Alexander Andres"]
[Result "1-0"]
[WhiteElo "1862"]
[BlackElo "2167"]
[Annotator "ChessBase"]
[PlyCount "82"]
[EventDate "2022.02.12"]
[EventType "swiss"]
[EventCountry "MEX"]
[SourceTitle "playchess.com"]
[Source "ChessBase"]
[SourceQuality "1"]
[TimeControl "5400+30"]

1. e4 {[%emt 1:31:00]} e5 {[%emt 0:06:29]} 2. Nf3 {[%emt 0:00:00]} Nc6 {[%emt 0:00:09]} 3. Bc4 {[%emt 0:00:00]} Nf6 {[%emt 0:00:46]} 4. d3 {[%emt 0:00:00]} h6 {[%emt 0:00:14]} 5. O-O {[%emt 0:00:00]} d6 {[%emt 0:00:35]} 6. h3 {[%emt 0:00:00]} g6 {[%emt 0:01:21]} 7. Nc3 {[%emt 0:00:00]} Bg7 {[%emt 0:00:12]} 8. Be3 {[%emt 0:00:00]} O-O {[%emt 0:00:11]} 9. Qd2 {[%emt 0:00:00]} Kh7 {[%emt 0:01:26]} 10. d4 {[%emt 0:00:00]} Nxe4 {[%emt 1:24:07]} 11. Nxe4 {[%emt 0:00:00]} d5 {[%emt 0:00:00]} 12. Bxd5 {[%emt 0:00:00]} Qxd5 {[%emt 0:00:00]} 13. Bxh6 {[%emt 0:00:00]} Nxd4 {[%emt 0:00:00]} 14. Nxd4 {[%emt 0:00:00]} Qxe4 {[%emt 0:00:00]} 15. Bxg7 {[%emt 0:00:00]} Kxg7 {[%emt 0:00:00]} 16. Ne2 {[%emt 0:00:00]} b6 {[%emt 0:00:00]} 17. Ng3 {[%emt 0:00:00]} Qf4 {[%emt 0:00:00]} 18. Qc3 {[%emt 0:00:00]} Qd4 {[%emt 0:00:00]} 19. Qxc7 {[%emt 0:00:00]} Ba6 {[%emt 0:00:00]} 20. c3 {[%emt 0:00:00]} Qc5 {[%emt 0:00:00]} 21. Qxc5 {[%emt 0:00:00]} bxc5 {[%emt 0:00:00]} 22. Rfd1 {[%emt 0:00:00]} Rab8 {[%emt 0:00:00]} 23. b3 {[%emt 0:00:00]} Rfd8 {[%emt 0:00:00]} 24. Ne4 {[%emt 0:00:00]} c4 {[%emt 0:00:00]} 25. b4 {[%emt 0:00:00]} Bb5 {[%emt 0:00:00]} 26. Nd6 {[%emt 0:00:00]} Ba4 {[%emt 0:01:01]} 27. Rd2 {[%emt 0:00:00]} a5 {[%emt 0:00:07]} 28. a3 {[%emt 0:00:00]} Bb3 {[%emt 0:00:40]} 29. Re1 {[%emt 0:00:00]} f6 {[%emt 0:01:38]} 30. f4 {[%emt 0:00:00]} axb4 {[%emt 0:03:00]} 31. axb4 {[%emt 0:00:00]} exf4 {[%emt 0:00:47]} 32. Re4 {[%emt 0:03:15]} Ra8 {[%emt 0:01:49]} 33. Rxf4 {[%emt 0:01:31]} f5 {[%emt 0:01:17]} 34. Rfd4 {[%emt 0:00:18]} Ra1+ {[%emt 0:00:14]} 35. Kh2 {[%emt 0:00:08]} Rf8 {[%emt 0:00:37]} 36. Nxc4 {[%emt 0:01:41]} Rc8 {[%emt 0:00:57]} 37. Rd7+ {[%emt 0:00:55]} Kh6 {[%emt 0:00:02]} 38. Ne5 {[%emt 0:00:52]} Rxc3 {[%emt 0:00:41]} 39. R2d6 {[%emt 0:05:05]} Kg5 {[%emt 0:00:01]} 40. Nxg6 {[%emt 0:00:41]} Re1 {[%emt 0:01:36]} 41. h4+ {[%emt 0:00:11]} Kg4 {[%emt 0:01:03]} 1-0

[Event "VIII Iberoamericano Mexico 2022"]
[Site "Mexico City"]
[Date "2022.02.16"]
[Round "5.31"]
[White "Luna Javier, Edgar Froylan"]
[Black "Macias Zamora, Jose Armando"]
[Result "1-0"]
[WhiteElo "2148"]
[BlackElo "1488"]
[Annotator "NA"]
[PlyCount "73"]
[EventDate "2022.02.12"]
[EventType "swiss"]
[EventCountry "MEX"]
[SourceTitle "playchess.com"]
[Source "ChessBase"]
[SourceQuality "1"]
[TimeControl "5400+30"]

1. d4 {[%emt 0:06:42]} d5 {[%emt 0:00:05]} 2. Nf3 {[%emt 0:00:11]} Nf6 {[%emt 0:00:14]} 3. Bf4 {[%emt 0:03:50]} c5 {[%emt 0:00:53]} 4. c3 {[%emt 0:02:02]} cxd4 {[%emt 0:07:10]} 5. cxd4 {[%emt 0:00:24]} Qb6 {[%emt 0:01:11]} 6. Qb3 {[%emt 0:10:13]} Nc6 {[%emt 0:09:22]} 7. Nc3 {[%emt 0:08:07]} e6 {[%emt 0:16:36]} 8. e3 {[%emt 0:03:24]} Qxb3 {[%emt 0:02:56]} 9. axb3 {[%emt 0:00:07]} Bb4 {[%emt 0:00:08]} 10. Bd3 {[%emt 0:02:59]} Nh5 {[%emt 0:05:42]} 11. Bg5 {[%emt 0:03:51]} h6 {[%emt 0:00:22]} 12. Bh4 {[%emt 0:00:25]} g5 {[%emt 0:04:31]} 13. Bg3 $15 {[%emt 0:00:24]} O-O {[%emt 0:00:27]} 14. Be5 {[%emt 0:17:19]} g4 {[%emt 0:05:52]} 15. Nd2 {[%emt 0:02:00]} Nxe5 {[%emt 0:01:03]} 16. dxe5 {[%emt 0:00:08]} f5 {[%emt 0:03:53]} 17. g3 {[%emt 0:13:21]} Ng7 {[%emt 0:02:22]} 18. h3 {[%emt 0:00:43]} h5 {[%emt 0:02:20]} 19. hxg4 {[%emt 0:00:45]} hxg4 {[%emt 0:04:15]} 20. Ke2 {[%emt 0:09:06]} Bd7 {[%emt 0:04:10]} 21. Rh6 {[%emt 0:00:22]} Bc6 {[%emt 0:01:24]} 22. Nb5 {[%emt 0:02:08]} Bxb5 {[%emt 0:02:38]} 23. Bxb5 {[%emt 0:00:02]} a6 {[%emt 0:00:56]} 24. Bd7 {[%emt 0:04:28]} Kf7 {[%emt 0:00:17]} 25. Rc1 {[%emt 0:00:00]} Ba5 {[%emt 0:04:57]} 26. b4 {[%emt 0:00:01]} Bb6 {[%emt 0:01:16]} 27. Nb3 {[%emt 0:03:19]} Ke7 {[%emt 0:01:01]} 28. Rh7 {[%emt 0:00:47]} Rf7 {[%emt 0:00:58]} 29. Ba4 {[%emt 0:01:15]} Ne8 {[%emt 0:04:53]} 30. Rh8 {[%emt 0:00:24]} Rf8 {[%emt 0:00:10]} 31. Rh7+ {[%emt 0:00:14]} Rf7 {[%emt 0:00:17]} 32. Rh8 {[%emt 0:00:01]} Rf8 {[%emt 0:00:06]} 33. Rch1 {[%emt 0:01:53]} Ng7 {[%emt 0:05:09]} 34. R8h7 {[%emt 0:01:27]} Rg8 {[%emt 0:02:29]} 35. R1h6 {[%emt 0:01:14]} Bc7 {[%emt 0:01:52]} 36. Nc5 {[%emt 0:00:15]} Bxe5 {[%emt 0:00:59]} 37. Rxe6+ {[%emt 0:00:01]} 1-0

[Event "VIII Iberoamericano Mexico 2022"]
[Site "Mexico City"]
[Date "2022.02.16"]
[Round "5.32"]
[White "Diaz Rosas, Julio Cesar"]
[Black "Francisco Cruz, Yahir Alberto"]
[Result "1-0"]
[WhiteElo "2393"]
[BlackElo "1949"]
[Annotator "TA"]
[PlyCount "141"]
[EventDate "2022.02.12"]
[EventType "swiss"]
[EventCountry "MEX"]
[SourceTitle "playchess.com"]
[Source "ChessBase"]
[SourceQuality "1"]

{[%evp 9,141,23,50,48,58,54,98,95,107,98,95,100,110,101,105,75,116,81,78,55,143,56,66,14,13,20,18,18,16,16,12,19,19,10,16,22,52,-58,60,60,65,0,0,-22,-26,-3,-4,-46,-18,-40,-36,-36,-43,-43,-34,-38,-38,-100,-76,-64,-67,-70,-64,-55,-38,-152,-150,-159,-143,-128,-122,-238,-233,-226,-227,-612,-614,-584,-566,-577,-154,-153,0,-1,0,-328,0,0,0,0,0,-8,-8,-8,-8,-14,0,0,0,0,0,0,0,0,0,-5,0,-5,-5,-5,0,-5,0,0,0,0,8,7,29976,29977,29977,29978,29978,29979,29979,29980,29980,29981,29981,29981,29981,29980,29979,29980]} 1. e4 c5 2. Nf3 {[%cal Bg1f3,Bf3d4,Bd4f5,Bf5e3,Be3c4][%mdl 32]} d6 3. d4 cxd4 4. Nxd4 Nf6 5. Nc3 e5 6. Bb5+ {B56: Classical Sicilian: Unusual Lines.} Bd7 7. Bxd7+ Nbxd7 (7... Qxd7 $14 {should be considered.} 8. Nde2 Qc6) 8. Nf5 $16 {White is better.} Nc5 9. Bg5 g6 10. Ne3 {White is more active.} Be7 11. Bxf6 Bxf6 {[#]} 12. Nc4 $146 ({Predecessor:} 12. Qd2 Rc8 13. O-O-O Rc6 14. Kb1 Bg7 15. f3 a6 16. Ncd5 Rc8 17. g3 b5 18. h4 {1-0 (31) Wenardi,W-Setya Adhi,B (1671) ICCF email 2018}) 12... Be7 (12... O-O $142) 13. Qd5 O-O {[%cal Ob7b5]} 14. Rd1 {[%cal Rc4d6]} Ne6 (14... Rc8 $14) 15. O-O (15. Nxd6 Bxd6 16. Qxd6 Qg5 $16) (15. Qxb7 $16 Rc8 16. b3 (16. Nxe5 Bf6 $11)) 15... Rc8 $14 16. Ne2 (16. Nxd6 Rc5 17. Qd3 Nf4 $15) (16. b3 $14) 16... Rc5 $11 17. Qd3 Qc8 18. Ne3 Bg5 19. c3 Bxe3 20. Qxe3 Qc6 21. Nc1 Rc4 22. Rfe1 f5 23. Qd3 (23. exf5 $1 $14 Rxf5 24. f3) 23... Rd8 (23... fxe4 24. Qxd6 Qxd6 25. Rxd6 $14) (23... Rxe4 $15 24. Rxe4 fxe4) 24. exf5 $14 Rg4 {[%csl Gg4][%cal Rc6g2]} 25. Qf1 (25. g3 $1 $14 Ng5 26. Re3) 25... gxf5 $11 26. f3 Rg6 27. Nd3 a5 {Inhibits Nb4.} 28. Qe2 {To avoid e4} (28. Kh1 $11) 28... Kh8 29. Kh1 {[%cal Od3e5]} Rdg8 30. Nxe5 dxe5 31. Qxe5+ Ng7 32. Qxa5 Rd6 33. Qe5 (33. Rxd6 $15 Qxd6 34. Qb4 (34. Qe5 Re8 $15)) 33... Rxd1 34. Rxd1 Re8 35. Qd4 h6 36. h3 Re2 37. Qf4 ({White should play} 37. Rd2 $15 Rxd2 38. Qxd2) 37... Qg6 $17 {[%csl Ge2][%cal Rg6g2]} (37... Rxb2 38. Rd8+ Kh7 39. Rd6 $11) 38. g4 Qe6 ({Stronger than} 38... Rxb2 39. Rd6 Rb1+ 40. Kg2 Rb2+ 41. Kh1 Rb1+ 42. Kh2 $11) 39. Rd2 Kh7 40. b3 (40. a4 $17 {is a better defense.}) 40... Re1+ $19 41. Kg2 Rc1 {...Qe1 is the strong threat.} 42. Qd4 $2 (42. Qg3) 42... Qe1 {Hoping for ...h5.} 43. Qf2 Qh1+ 44. Kg3 Rxc3 $2 (44... fxg4 $19 {is more deadly.} 45. Kxg4 Rf1) 45. Rd7 $17 {[%cal Od7g7] Threatens to win with Rxg7+!} fxg4 $2 (45... Rc6 $1 $17 {And now ...fxg4 would win.} 46. Rxb7 Rf6) 46. hxg4 $11 {[%cal Od7g7]} Qc1 47. Rxb7 $2 {[%mdl 8192] [#]} (47. Qd4 $11 Qe1+ 48. Kf4 Qc1+ 49. Kg3 Qe1+ 50. Kf4 Qc1+ 51. Kg3) 47... Rc2 $2 (47... Qd1 $1 $19 {[%cal Rd1d6]} 48. Ra7 Qd6+ 49. Kg2 Rd3) 48. Qd4 {[%csl Gb7][%cal Rd4g7]} Qe1+ 49. Kf4 {[%csl Gb7][%cal Rd4g7] The board is on fire.} Qc1+ 50. Qe3 $132 {[%mdl 2048] White puts up resistance} Qxe3+ 51. Kxe3 Rxa2 {[%mdl 4096] Endgame KRN-KR} 52. f4 {[%cal Bf3f4,Bf4f5,Bf5f6][%mdl 32]} h5 53. f5 Kg8 54. f6 Ne6 55. gxh5 Rh2 56. Re7 Nf8 57. Rg7+ Kh8 58. Rg3 Rxh5 59. f7 {aiming for Rg8+.} Ne6 60. Ke4 Rb5 61. Rg6 Rxb3 62. Ke5 Re3+ 63. Kf6 {[%cal Rg6h6]} Kh7 $2 {[%mdl 8192] Inhibits Rh6+.} (63... Nf8 $11 64. Rg8+ (64. Rh6+ Nh7+ 65. Rxh7+ Kxh7 $11) 64... Kh7) 64. Rg4 {[%cal Rg4h4] White mates.} Rf3+ 65. Kxe6 {KR-KR} Re3+ 66. Kf6 {[%cal Rg4h4]} Rf3+ 67. Ke7 Re3+ 68. Kf8 Rf3 69. Rg1 Rf2 70. Rh1+ Kg6 {[#]} 71. Kg8 $1 {White used his chance.  Weighted Error Value: White=0.42/Black=0.31} 1-0